Catálogo
 En Linea

De Legibus,VI, III, 17-35 : (Registro nro. 40778)

Detalles MARC
000 -CABECERA
campo de control de longitud fija 01404nam a2200277 a 4500
001 - NÚMERO DE CONTROL
campo de control 000041288
005 - FECHA Y HORA DE LA ÚLTIMA TRANSACCIÓN
campo de control 20201002034746.0
008 - DATOS DE LONGITUD FIJA--INFORMACIÓN GENERAL
campo de control de longitud fija 130927s1977 sp 001 0 spa d
020 ## - NÚMERO INTERNACIONAL ESTÁNDAR DEL LIBRO
Número Internacional Estándar del Libro 840036255
040 ## - FUENTE DE LA CATALOGACIÓN
Centro catalogador/agencia de origen DO-SdBNP
Lengua de catalogación spa
Centro/agencia transcriptor BNPHU
100 1# - ENTRADA PRINCIPAL--NOMBRE DE PERSONA
Nombre de persona Suárez, Francisco
Fechas asociadas al nombre 1548-1617
9 (RLIN) 34134
245 10 - MENCIÓN DE TÍTULO
Título De Legibus,VI, III, 17-35 :
Resto del título de politica obligatione /
Mención de responsabilidad, etc. Francisco Suárez ; estudio preliminar y edición crítica bilingüe por L. Pereña, V. Abril y C. Baciero ; y la colaboración de A. García y C. Villanueva.
246 13 - FORMA VARIANTE DE TÍTULO
Título propio/Titulo breve De politica obligatione
260 ## - PUBLICACIÓN, DISTRIBUCIÓN, ETC.
Lugar de publicación, distribución, etc. Madrid :
Nombre del editor, distribuidor, etc. Consejo Superior de Investigaciones Científicas,
Fecha de publicación, distribución, etc. 1977.
490 1# - MENCIÓN DE SERIE
Mención de serie Corpus hispanotum de pace
Designación de volumen o secuencia 6
500 ## - NOTA GENERAL
Nota general La biblioteca posee el v. 4,8
505 0# - NOTA DE CONTENIDO CON FORMATO
Información miscelánea v. 1.
Título De natura legis --
Información miscelánea v. 2.
Título De legis obligatione --
Información miscelánea v. 3.
Título De lege naturali --
Información miscelánea v. 4.
Título De iure gentium --
Información miscelánea v. 5.
Título De civili potestate --
Información miscelánea v. 6.
Título De politica obligatione --
Información miscelánea v. 7-8.
Título De lege positiva canonica
-- 22 cm.
504 ## - NOTA DE BIBLIOGRAFÍA, ETC.
Nota de bibliografía, etc. Incluye referencias bibliográficas y notas al pie de las páginas
504 ## - NOTA DE BIBLIOGRAFÍA, ETC.
Nota de bibliografía, etc. Bibliografía : p. 489-498
700 1# - PUNTO DE ACCESO ADICIONAL--NOMBRE DE PERSONA
Nombre de persona Pereña, Luciano
Fechas asociadas al nombre 1920- .
9 (RLIN) 33600
700 1# - PUNTO DE ACCESO ADICIONAL--NOMBRE DE PERSONA
Nombre de persona Abril Castelló, Vidal,
9 (RLIN) 67902
700 1# - PUNTO DE ACCESO ADICIONAL--NOMBRE DE PERSONA
Nombre de persona Ed. Baciero, Carlos,
Término indicativo de función/relación ed
9 (RLIN) 67903
700 1# - PUNTO DE ACCESO ADICIONAL--NOMBRE DE PERSONA
Nombre de persona García y García, Antonio,
9 (RLIN) 67904
710 2# - PUNTO DE ACCESO ADICIONAL--NOMBRE DE ENTIDAD CORPORATIVA
Nombre de entidad corporativa o nombre de jurisdicción como elemento de entrada Consejo Superior de Investigaciones Científicas,
9 (RLIN) 4786
830 #0 - PUNTO DE ACCESO ADICIONAL DE SERIE-TÍTULO UNIFORME
Título uniforme Corpus hispanotum de pace
Número de parte o sección de la obra 6
9 (RLIN) 67905
Existencias
Estado de retiro Estado de pérdida Restricciones de uso No para préstamo Código de colección Localización permanente Ubicación/localización actual Ubicación en estantería Fecha de adquisición Número de inventario Total de préstamos Signatura topográfica completa Código de barras Fecha visto por última vez Precio válido a partir de Tipo de ítem Koha
      Excluido de préstamo Monografías: Libros y Folletos General General En catalogación 27.09.2013 LF1   v. 4, e. 2 41288-10 25.06.2020 25.06.2020 No se presta
      Excluido de préstamo Monografías: Libros y Folletos General General En catalogación 27.09.2013 LF1   v. 8 41288-20 25.06.2020 25.06.2020 No se presta
      Excluido de préstamo Monografías: Libros y Folletos General General En catalogación 27.09.2013 LF1   v. 4 41288-30 25.06.2020 25.06.2020 No se presta

Con tecnología Koha